|
|
|
|
| LEADER |
00000cam a2200000 a 4500 |
| 001 |
vtls010267365 |
| 003 |
SK-MaSNL |
| 005 |
20260426005408.0 |
| 007 |
ta |
| 008 |
240318s2010 xr g be 001 0ccze |
| 015 |
|
|
|a cnb002114597
|
| 015 |
|
|
|a SNBZSA2011-00891
|
| 020 |
|
|
|a 9788025477908
|q (viaz.)
|
| 035 |
|
|
|a urn:nbn:sk:snk-am00a1p5
|
| 035 |
|
|
|a urn:nbn:sk:snk-am3hdcc
|
| 035 |
|
|
|a 7CBFF02D-7B61-4EAC-96FF-DF305808736C
|
| 040 |
|
|
|a SNK
|b slo
|c SNK
|e AACR2
|
| 041 |
0 |
|
|a cze
|
| 043 |
|
|
|a e-xr---
|a e-xo---
|
| 044 |
|
|
|a xr
|c CZ
|
| 072 |
|
7 |
|a 929
|x Biografie
|2 konspekt
|
| 072 |
|
7 |
|a 094
|x Staré tlače
|2 konspekt
|
| 072 |
|
7 |
|a 821.162.09
|x Západoslovanské literatúry (o nich)
|2 konspekt
|
| 080 |
|
|
|a 09(091)
|x "15/17"
|2 2001
|
| 080 |
|
|
|a 821.162.3:929
|2 2001
|
| 080 |
|
|
|a 821.162.4:929
|2 2001
|
| 080 |
|
|
|a 82:929
|x (031)
|2 2001
|
| 080 |
|
|
|a 013
|2 2001
|
| 080 |
|
|
|a (437.3)
|2 2001
|
| 080 |
|
|
|a (031)929
|2 2001
|
| 080 |
|
|
|a (031)-028.42
|2 1001
|
| 080 |
|
|
|a 929(031)
|2 2001
|
| 080 |
|
|
|a 094(=162.3)
|2 2001
|
| 080 |
|
|
|a 094(=162.4)
|2 2001
|
| 100 |
1 |
|
|a Pumprla, Václav,
|d 1937-
|4 aut
|9 91227
|
| 245 |
1 |
0 |
|a Knihopisný slovník českých, slovenských a cizích autorů 16.-18. století
|c Václav Pumprla
|
| 260 |
|
|
|a Praha
|b Kabinet pro klasická studia, Filosofický ústav AV ČR
|c 2010
|
| 300 |
|
|
|a xii, 1307 s.
|c 24 cm
|e 1 CD-ROM
|
| 500 |
|
|
|a Vydané v spolupráci s AiP Beroun
|
| 500 |
|
|
|a 500 výt.
|
| 500 |
|
|
|a Priložený CD-ROM je elektronickou verziou dokumentu
|
| 504 |
|
|
|a Bibliogr., bibliogr. odkazy. Reg.
|
| 630 |
0 |
7 |
|a Knihopis českých a slovenských tisků od doby nejstarší až do konce XVIII. století
|2 SNKPH
|9 409935
|
| 648 |
|
7 |
|a 16.-18. stor.
|2 SNKPH
|9 309930
|
| 648 |
|
7 |
|a 16th-18th centuries
|2 SAVUKPHeng
|9 319470
|
| 650 |
0 |
7 |
|a českí autori
|2 SNKPH
|9 652491
|
| 650 |
0 |
7 |
|a slovenskí autori
|2 SNKPH
|9 652492
|
| 650 |
0 |
7 |
|a spisovatelia
|2 SNKPH
|9 4982
|
| 650 |
0 |
7 |
|a Czech authors
|2 SNKPHeng
|9 281656
|
| 650 |
0 |
7 |
|a Slovak authors
|2 SNKPHeng
|9 268018
|
| 650 |
0 |
7 |
|a Authors
|2 SNKPHeng
|9 310419
|
| 650 |
0 |
7 |
|a Czech old prints
|2 SNKPHeng
|9 304082
|
| 650 |
0 |
7 |
|a Slovak old prints
|2 SNKPHeng
|9 287786
|
| 650 |
0 |
7 |
|a retrospektívne bibliografie
|2 SNKPH
|9 652493
|
| 650 |
0 |
7 |
|a Retrospective bibliography
|2 SNKPHeng
|9 328393
|
| 650 |
0 |
7 |
|a staré tlače
|2 SNKPH
|9 51683
|
| 650 |
0 |
7 |
|a knižná kultúra
|2 SNKPH
|9 31235
|
| 651 |
|
7 |
|a Česko
|2 SNKPH
|9 16753
|
| 651 |
|
7 |
|a Czechia
|2 SAVUKPHeng
|9 170107
|
| 655 |
|
7 |
|a vedecké slovníky
|2 SNKPH
|9 412350
|
| 655 |
|
7 |
|a scientific vocabularies
|2 SAVUKPHeng
|9 412351
|
| 655 |
|
7 |
|a biografické slovníky
|2 SNKPH
|9 51960
|
| 655 |
|
7 |
|a Biographical dictionaries
|2 SNKPHeng
|9 278210
|
| 856 |
4 |
|
|y Obsah
|u http://toc.nkp.cz/NKC/201103/contents/nkc20102114597_1.pdf
|
| 919 |
|
|
|a 978-80-254-7790-8
|
| 958 |
|
|
|a ZS
|
| 958 |
|
|
|a CZ
|
| 958 |
|
|
|a BX
|
| 958 |
|
|
|a KL
|
| 958 |
|
|
|a OND
|
| 999 |
|
|
|c 1007049
|d 1008979
|
| 952 |
|
|
|a SNK
|b SNK
|y PREZ
|7 0
|p 17A0718234
|o snkSC 146770
|i snk2011/19444
|8 2
|g 20.22
|3 Dokument obsahuje príl. - 1 CD
|0 0
|1 0
|4 0
|d 2011-08-24
|f 1
|l 0
|r 2025-07-15 00:00:00
|w 2026-02-24
|
| 952 |
|
|
|a SNK
|b SNK
|y PREZ
|7 0
|p 17A0718266
|o snkSC 146770/príl.
|i snk2011/19444
|8 2
|z 1 CD
|0 0
|1 0
|4 0
|d 2011-09-20
|l 0
|r 2025-07-15 00:00:00
|w 2026-02-24
|